| 000 | 00000nam 2200000za 4500 |
| 001 | 9.589793 |
| 003 | CaOODSP |
| 005 | 20221107134111 |
| 007 | cr ||||||||||| |
| 008 | 150406s1985 onc||||#o f00| 0 eng d |
| 022 | |a1488-5379 |
| 040 | |aCaOODSP|beng |
| 041 | |aeng |
| 041 | |afre |
| 043 | |an-cn--- |
| 086 | 1 |aFs97-6/1368-PDF |
| 110 | 1 |aCanada. |bDepartment of Fisheries and Oceans. |
| 245 | 10|aProceedings of the Tenth Annual Aquatic Toxicity Workshop, November 7-10, 1983 Halifax, Nova Scotia |h[electronic resource] = |bCompte rendu des communications du dixième atelier annuel sur la toxicité aquatique, du 7 au 10 novembre 2983, Halifax, Nouvelle-Écosse / |cEditors, P.G. Wells and R.F. Addison. |
| 246 | 11|aCompte rendu des communications du dixième atelier annuel sur la toxicité aquatique, du 7 au 10 novembre 2983, Halifax, Nouvelle-Écosse |
| 260 | |aOttawa : |bFisheries and Oceans Canada, |c1985. |
| 300 | |a493p.|bfigs., references |
| 490 | 1 |aCanadian technical report of fisheries and aquatic sciences|x1488-5379|vNo. 1368 |
| 500 | |aPrefatory texts in English and French. Articles in their original languages. Catalogue number and ISSN of the print edition appear in the PDF version. |
| 546 | |aIn English and in French. |
| 590 | |a13-28-Supp|b2013-12-09 |
| 720 | 1 |aWells, P. G. |
| 720 | 1 |aAddison, R. F. |
| 792 | |tProceedings of the Tenth Annual Aquatic Toxicity Workshop, November 7-10, 1983, Halifax, Nova Scotia Compte rendu des communications du dixième atelier annuel sur la toxicité aquatique, du 7 au 10 novembre 1983, Halifax, Nouvelle-Écosse |efre|w(CaOODSP)9.589794 |
| 830 | #0|aCanadian technical report of fisheries and aquatic sciences,|x1488-5379|vNo. 1368|w(CaOODSP)9.500269 |
| 856 | 40|ahttp://publications.gc.ca|qPDF|s6546 KB|uhttps://publications.gc.ca/collections/collection_2013/mpo-dfo/Fs97-6-1368.pdf|yNo. 1368 |